| 000 | 00392 a2200157 4500 | ||
|---|---|---|---|
| 001 | 73232 | ||
| 020 | _a8516033716 | ||
| 040 | _cAnchieta - Colégio São Paulo | ||
| 100 | _aPasqualin, Ernesto | ||
| 240 | 1 | 0 |
_aNew our way _lpor |
| 245 | 1 | 0 | _aNew our way |
| 300 | _a144 | ||
| 362 | 0 | _a2003 | |
| 650 | 4 | _aUso padrão do inglês (linguística prescritiva); Linguística aplicada | |
| 942 | _cBK | ||
| 999 |
_c73232 _d73232 |
||